[Event "RUS-chT 32nd"]
[Site "Sochi"]
[Date "2025.04.29"]
[Round "4.4"]
[White "Smirnov, Pavel"]
[Black "Morozevich, Alexander"]
[Result "1/2-1/2"]
[WhiteElo "2476"]
[BlackElo "2656"]
[PlyCount "42"]
[EventDate "2025.04.26"]
[EventType "team-swiss"]
[EventRounds "9"]
[EventCountry "RUS"]
[SourceTitle "CB19_2025"]
[SourceDate "2025.05.07"]
[SourceVersion "1"]
[SourceVersionDate "2025.05.07"]
[SourceQuality "1"]
[WhiteTeam "Moscow Region"]
[BlackTeam "Moscow KPRF"]
[WhiteTeamCountry "RUS"]
[BlackTeamCountry "RUS"]

1. d4 e6 2. Nf3 c5 3. c4 cxd4 4. Nxd4 Nf6 5. g3 Qb6 6. Bg2 Bc5 7. e3 Nc6 8. Nc3 Bxd4 9. exd4 d5 10. 0-0 dxc4 11. d5 Nxd5 12. Nxd5 exd5 13. Qe2+ Be6 14. Bxd5 0-0 15. Bxe6 fxe6 16. Qxc4 Ne5 17. Qe4 Nf3+ 18. Kg2 Rf7 19. Be3 Qxb2 20. Qxe6 Qe5 21. Qxe5 Nxe5 1/2-1/2

[Event "RUS-chT 32nd"]
[Site "Sochi"]
[Date "2025.04.26"]
[Round "1.4"]
[White "Strybuk, Artsiom I"]
[Black "Morozevich, Alexander"]
[Result "1/2-1/2"]
[WhiteElo "2433"]
[BlackElo "2656"]
[PlyCount "79"]
[EventDate "2025.04.26"]
[EventType "team-swiss"]
[EventRounds "9"]
[EventCountry "RUS"]
[SourceTitle "CB19_2025"]
[SourceDate "2025.05.07"]
[SourceVersion "1"]
[SourceVersionDate "2025.05.07"]
[SourceQuality "1"]
[WhiteTeam "Belarus"]
[BlackTeam "Moscow KPRF"]
[WhiteTeamCountry "BLR"]
[BlackTeamCountry "RUS"]

1. c4 g6 2. g3 Bg7 3. Bg2 Nf6 4. Nc3 0-0 5. d4 d6 6. Nf3 c5 7. 0-0 Nc6 8. d5 Na5 9. Nd2 e6 10. Rb1 exd5 11. cxd5 Bf5 12. e4 Bg4 13. Qc2 Rc8 14. b3 a6 15. h3 Bd7 16. Bb2 b5 17. Rfe1 Re8 18. Ba1 b4 19. Ne2 Bb5 20. Nc4 Bxc4 21. bxc4 Nd7 22. Bxg7 Kxg7 23. a3 Ne5 24. axb4 Naxc4 25. Qc3 Qb6 26. Rec1 Rb8 27. bxc5 Qxc5 28. Ra1 Rb6 29. Qd4 Qxd4 30. Nxd4 Nd2 31. Rc2 Nec4 32. Nc6 Nb3 33. Raa2 Ne5 34. Nxe5 dxe5 35. Bf1 Nd4 36. Rc1 Ra8 37. Rca1 Rb4 38. Kg2 Nb3 39. Rxa6 Rxa6 40. Rxa6 1/2-1/2

[Event "RUS Cup tt"]
[Site "Sochi"]
[Date "2024.12.01"]
[Round "5.3"]
[White "Morozevich, Alexander"]
[Black "Zhirkov, Vladislav"]
[Result "1-0"]
[WhiteElo "2655"]
[BlackElo "2202"]
[PlyCount "53"]
[EventDate "2024.11.27"]
[EventType "team-swiss"]
[EventRounds "7"]
[EventCountry "RUS"]
[SourceTitle "CB50_2024"]
[SourceDate "2024.11.01"]
[SourceVersion "1"]
[SourceVersionDate "2024.11.01"]
[SourceQuality "2"]
[WhiteTeam "KPRF Club"]
[BlackTeam "Qkutiya"]
[WhiteTeamCountry "RUS"]
[BlackTeamCountry "RUS"]

1. e4 d5 2. exd5 Qxd5 3. Nf3 Bg4 4. Nc3 Qd8 5. h3 Bf5 6. d4 e6 7. g4 Bg6 8. h4 Bb4 9. h5 Be4 10. Rh3 c5 11. Bd2 Nf6 12. Nxe4 Nxe4 13. c3 Ba5 14. dxc5 Nxd2 15. Nxd2 0-0 16. Nc4 Bc7 17. Bg2 Qc8 18. h6 g6 19. Qf3 Nd7 20. Rd1 f6 21. Qxb7 Qxb7 22. Bxb7 Rad8 23. b4 Kf7 24. Nd6+ Bxd6 25. Rxd6 Ke7 26. Re3 Ne5 27. f4 1-0

[Event "RUS Cup tt"]
[Site "Sochi"]
[Date "2024.11.29"]
[Round "3.4"]
[White "Morozevich, Alexander"]
[Black "Grachev, Alexey1"]
[Result "1/2-1/2"]
[WhiteElo "2655"]
[BlackElo "2413"]
[PlyCount "57"]
[EventDate "2024.11.27"]
[EventType "team-swiss"]
[EventRounds "7"]
[EventCountry "RUS"]
[SourceTitle "CB50_2024"]
[SourceDate "2024.11.01"]
[SourceVersion "1"]
[SourceVersionDate "2024.11.01"]
[SourceQuality "2"]
[WhiteTeam "KPRF Club"]
[BlackTeam "Novosibirsk Region"]
[WhiteTeamCountry "RUS"]
[BlackTeamCountry "RUS"]

1. Nf3 d5 2. g3 Nf6 3. Bg2 c5 4. c4 d4 5. e3 Nc6 6. exd4 cxd4 7. d3 e6 8. 0-0 Bd6 9. Bg5 h6 10. Bxf6 Qxf6 11. Nbd2 Qe7 12. a3 a5 13. Qc2 0-0 14. Rae1 Bc7 15. Qd1 a4 16. Nh4 g5 17. Bxc6 bxc6 18. Ng2 f5 19. Qh5 Qf6 20. f4 g4 21. h3 gxh3 22. Qxh3 c5 23. g4 Bb7 24. Nf3 fxg4 25. Qxg4+ Qg7 26. Qxe6+ Kh8 27. Nfh4 Bxg2 28. Nxg2 Rxf4 29. Kh1 1/2-1/2

[Event "RUS-chT Rapid"]
[Site "Sochi"]
[Date "2024.10.19"]
[Round "7.3"]
[White "Morozevich, Alexander"]
[Black "Paravyan, David"]
[Result "1-0"]
[WhiteElo "2655"]
[BlackElo "2620"]
[PlyCount "91"]
[EventDate "2024.10.18"]
[EventType "team-swiss (rapid)"]
[EventRounds "9"]
[EventCountry "RUS"]
[SourceTitle "CB43_2024"]
[Source "Chessbase"]
[SourceDate "2024.10.23"]
[SourceVersion "1"]
[SourceVersionDate "2024.10.23"]
[SourceQuality "1"]
[WhiteTeam "Moscow Formula Shakhmat"]
[BlackTeam "Moscow Park Tauer"]
[WhiteTeamCountry "RUS"]
[BlackTeamCountry "RUS"]

1. e4 e5 2. Nf3 Nf6 3. d3 d5 4. Nbd2 Nc6 5. Be2 Bc5 6. 0-0 0-0 7. c3 a5 8. b3 Re8 9. Bb2 dxe4 10. dxe4 Nh5 11. a3 Nf4 12. b4 axb4 13. cxb4 Bd4 14. Nxd4 Nxd4 15. Bc4 b5 16. Bxd4 exd4 17. Bb3 Ra6 18. g3 Rg6 19. Qf3 Nh3+ 20. Kh1 Kh8 21. Rae1 Rf6 22. Qe2 g5 23. Kg2 Rg8 24. Qxb5 Ba6 25. Qe5 Bxf1+ 26. Rxf1 g4 27. f4 Qd6 28. Nc4 Qd8 29. Rd1 d3 30. Ne3 Qd6 31. Qxd6 cxd6 32. Nd5 Re6 33. Nc3 Re7 34. Rxd3 Rc8 35. Kf1 Rec7 36. Nb5 Rc1+ 37. Ke2 Ng1+ 38. Kf2 Nf3 39. Nxd6 R8c3 40. Rxc3 Rxc3 41. Bxf7 Nxh2 42. e5 Rf3+ 43. Kg2 Nf1 44. Nf5 h5 45. Bxh5 Nd2 46. e6 1-0

[Event "RUS-chT Rapid"]
[Site "Sochi"]
[Date "2024.10.19"]
[Round "8.19"]
[White "Strybuk, Artsiom I"]
[Black "Morozevich, Alexander"]
[Result "0-1"]
[WhiteElo "2431"]
[BlackElo "2655"]
[PlyCount "98"]
[EventDate "2024.10.18"]
[EventType "team-swiss (rapid)"]
[EventRounds "9"]
[EventCountry "RUS"]
[SourceTitle "CB43_2024"]
[Source "Chessbase"]
[SourceDate "2024.10.23"]
[SourceVersion "1"]
[SourceVersionDate "2024.10.23"]
[SourceQuality "1"]
[WhiteTeam "Belarus"]
[BlackTeam "Moscow Formula Shakhmat"]
[WhiteTeamCountry "BLR"]
[BlackTeamCountry "RUS"]

1. c4 e5 2. Nc3 Bb4 3. Nd5 a5 4. a3 Bc5 5. e3 Nf6 6. d4 Nxd5 7. dxc5 Nf6 8. e4 0-0 9. f3 d6 10. Be3 Be6 11. cxd6 cxd6 12. Bd3 Nbd7 13. Ne2 Rc8 14. Rc1 Nc5 15. 0-0 Qb6 16. Qd2 Qa6 17. Bxc5 Rxc5 18. b4 Rc7 19. bxa5 Ra8 20. Qb4 Qxa5 21. Nc3 Bxc4 22. Bxc4 Qxb4 23. Bxf7+ Kxf7 24. axb4 Rac8 25. Ne2 Ke6 26. Rxc7 Rxc7 27. Rc1 Rxc1+ 28. Nxc1 d5 29. Nb3 Kd6 30. Nc5 b6 31. Na4 Kc6 32. exd5+ Nxd5 33. Kf2 Kb5 34. Nb2 Kxb4 35. Nd3+ Kc3 36. Nxe5 b5 37. Ke2 b4 38. Nd3 b3 39. g3 Kd4 40. Kd2 Ne3 41. Nb2 Nc4+ 42. Kc1 Nxb2 43. Kxb2 Ke3 44. f4 Kf3 45. Kxb3 Kg2 46. g4 Kxh2 47. f5 h6 48. Kc4 Kg3 49. Kd5 Kxg4 0-1

[Event "RUS-chT Rapid"]
[Site "Sochi"]
[Date "2024.10.18"]
[Round "3.19"]
[White "Shogdzhiev, Roman Sav"]
[Black "Morozevich, Alexander"]
[Result "0-1"]
[WhiteElo "2136"]
[BlackElo "2655"]
[PlyCount "84"]
[EventDate "2024.10.18"]
[EventType "team-swiss (rapid)"]
[EventRounds "9"]
[EventCountry "RUS"]
[SourceTitle "CB43_2024"]
[Source "Chessbase"]
[SourceDate "2024.10.23"]
[SourceVersion "1"]
[SourceVersionDate "2024.10.23"]
[SourceQuality "1"]
[WhiteTeam "Moscow Botvinnik School"]
[BlackTeam "Moscow Formula Shakhmat"]
[WhiteTeamCountry "RUS"]
[BlackTeamCountry "RUS"]

1. e4 e6 2. d4 d5 3. Nc3 Nf6 4. e5 Nfd7 5. f4 c5 6. Nf3 Qb6 7. Be3 a6 8. Na4 Qa5+ 9. c3 cxd4 10. b4 Qc7 11. Bxd4 Nc6 12. Be3 b5 13. Nb2 Ncxe5 14. fxe5 Qxc3+ 15. Qd2 Bxb4 16. Kd1 Qa3 17. Qc1 Bc3 18. Rb1 Bb7 19. Nd3 Qxa2 20. Qc2 Qa5 21. Bd2 Rc8 22. Bxc3 Rxc3 23. Qd2 0-0 24. Be2 Rfc8 25. Ke1 Qb6 26. h4 h6 27. Rb2 a5 28. Rh3 b4 29. Rg3 Kf8 30. Rg4 Ba6 31. Rf4 b3 32. Nd4 Bxd3 33. Bxd3 Nxe5 34. Be2 a4 35. Rb1 a3 36. Qd1 b2 37. Qa4 Rc1+ 38. Kf2 Rxb1 39. Qxa3+ Kg8 40. Qg3 Rbc1 41. Bh5 b1Q 42. Bxf7+ Nxf7 0-1

[Event "RUS-chT Blitz"]
[Site "Sochi"]
[Date "2024.10.17"]
[Round "4.10"]
[White "Drygalov, Sergey"]
[Black "Morozevich, Alexander"]
[Result "1/2-1/2"]
[WhiteElo "2542"]
[BlackElo "2655"]
[PlyCount "82"]
[EventDate "2024.10.17"]
[EventType "team-swiss (blitz)"]
[EventRounds "11"]
[EventCountry "RUS"]
[SourceTitle "CB43_2024"]
[Source "Chessbase"]
[SourceDate "2024.10.23"]
[SourceVersion "1"]
[SourceVersionDate "2024.10.23"]
[SourceQuality "1"]
[WhiteTeam "Ekaterinburg Shkola ShakhMatOff"]
[BlackTeam "Moscow Formula Shakhmat"]
[WhiteTeamCountry "RUS"]
[BlackTeamCountry "RUS"]

1. d4 Nf6 2. c4 c6 3. Nf3 d5 4. Nc3 dxc4 5. a4 Bf5 6. Ne5 Nbd7 7. Nxc4 Nd5 8. Qb3 Nxc3 9. bxc3 Qc7 10. g3 e5 11. Nxe5 Nxe5 12. dxe5 Be6 13. Qc2 Qxe5 14. Bg2 Bc5 15. 0-0 0-0 16. Bf4 Qh5 17. Rab1 Bb6 18. Bf3 Qc5 19. Be3 Qa5 20. Bxb6 axb6 21. Rb4 Rfd8 22. Qb2 Ra6 23. Kg2 g6 24. Rb1 Bc8 25. h4 h5 26. Qc1 Qc5 27. R1b2 Re8 28. Rd2 Be6 29. Rbd4 Bc4 30. Rd8 Ra8 31. Rxa8 Rxa8 32. Rd7 Qe5 33. Qf4 Qxf4 34. gxf4 Rxa4 35. Rxb7 Bd5 36. Bxd5 cxd5 37. e3 Rc4 38. Rxb6 Rxc3 39. Rd6 Rd3 40. Kf1 Rd1+ 41. Ke2 Rh1 1/2-1/2

[Event "RUS-chT Blitz"]
[Site "Sochi"]
[Date "2024.10.17"]
[Round "11.10"]
[White "Martirosyan, Haik M"]
[Black "Morozevich, Alexander"]
[Result "1/2-1/2"]
[WhiteElo "2676"]
[BlackElo "2655"]
[PlyCount "109"]
[EventDate "2024.10.17"]
[EventType "team-swiss (blitz)"]
[EventRounds "11"]
[EventCountry "RUS"]
[SourceTitle "CB43_2024"]
[Source "Chessbase"]
[SourceDate "2024.10.23"]
[SourceVersion "1"]
[SourceVersionDate "2024.10.23"]
[SourceQuality "1"]
[WhiteTeam "Moscow Park Tauer"]
[BlackTeam "Moscow Formula Shakhmat"]
[WhiteTeamCountry "RUS"]
[BlackTeamCountry "RUS"]

1. d4 Nf6 2. c4 c5 3. d5 g6 4. Nc3 Bg7 5. e4 d6 6. h3 0-0 7. Nf3 e6 8. Be2 Re8 9. 0-0 Na6 10. Bd3 h6 11. Bf4 Nh5 12. Be3 Nc7 13. Re1 exd5 14. exd5 f5 15. Qc2 Bd7 16. Re2 Qf6 17. Rae1 Kh7 18. Bc1 Qf7 19. b3 Rxe2 20. Nxe2 Re8 21. Nf4 Rxe1+ 22. Nxe1 Nxf4 23. Bxf4 Be5 24. Qd2 Bxf4 25. Qxf4 Ne8 26. Nf3 Qf6 27. Qe3 Kg7 28. h4 a6 29. a4 a5 30. g3 b6 31. Kg2 Qf7 32. Ng1 Nf6 33. Ne2 Ng4 34. Qd2 Qf6 35. Nf4 Qd4 36. Qe2 Ne5 37. Bc2 Qc3 38. Bd1 g5 39. hxg5 hxg5 40. Ne6+ Bxe6 41. dxe6 g4 42. Bc2 Kf6 43. Bxf5 Qd4 44. Be4 Kxe6 45. Bd5+ Ke7 46. Qc2 Qd3 47. Qc1 Qf5 48. Qh6 Nd3 49. Qe3+ Ne5 50. Qh6 Nd3 51. Qg7+ Kd8 52. Qh8+ Ke7 53. Qg7+ Kd8 54. Qh8+ Ke7 55. Qg7+ 1/2-1/2

[Event "RUS-chT Blitz"]
[Site "Sochi"]
[Date "2024.10.17"]
[Round "10.14"]
[White "Morozevich, Alexander"]
[Black "Shubin, Kirill"]
[Result "0-1"]
[WhiteElo "2655"]
[BlackElo "2460"]
[PlyCount "93"]
[EventDate "2024.10.17"]
[EventType "team-swiss (blitz)"]
[EventRounds "11"]
[EventCountry "RUS"]
[SourceTitle "CB43_2024"]
[Source "Chessbase"]
[SourceDate "2024.10.23"]
[SourceVersion "1"]
[SourceVersionDate "2024.10.23"]
[SourceQuality "1"]
[WhiteTeam "Moscow Formula Shakhmat"]
[BlackTeam "St Petersburg SSHOR"]
[WhiteTeamCountry "RUS"]
[BlackTeamCountry "RUS"]

1. e4 e6 2. d4 d5 3. Nc3 Bb4 4. e5 b6 5. a3 Bf8 6. Nf3 c5 7. Ne2 Nc6 8. c3 Ba6 9. b4 Qd7 10. Nf4 Bxf1 11. Kxf1 Nge7 12. Nh5 cxd4 13. cxd4 b5 14. h4 h6 15. Rh3 a5 16. bxa5 Nxa5 17. Kg1 Nc4 18. Nh2 Nc6 19. Ng4 Qa7 20. Rd3 Qa4 21. Qf3 Nb4 22. Rd1 Nc2 23. Rb1 N2xa3 24. Rb3 Nc2 25. Bxh6 gxh6 26. Nhf6+ Kd8 27. Nxd5 exd5 28. Qxd5+ Kc7 29. Rxb5 Nb6 30. Rxb6 Kxb6 31. Nf6 Nb4 32. Rb1 Be7 33. Qxf7 Bxf6 34. Qxf6+ Kb5 35. e6 Qc2 36. Qe5+ Ka4 37. Re1 Rhf8 38. Qg3 Qd3 39. Re3 Qd1+ 40. Kh2 Kb5 41. Qe5+ Ka4 42. e7 Rfe8 43. Qf5 Qc1 44. d5 Qc7+ 45. g3 Rxe7 46. Rf3 Qc5 47. Qb1 0-1

[Event "RUS-chT Blitz"]
[Site "Sochi"]
[Date "2024.10.17"]
[Round "6.10"]
[White "Tsaruk, Maksim"]
[Black "Morozevich, Alexander"]
[Result "0-1"]
[WhiteElo "2450"]
[BlackElo "2655"]
[PlyCount "116"]
[EventDate "2024.10.17"]
[EventType "team-swiss (blitz)"]
[EventRounds "11"]
[EventCountry "RUS"]
[SourceTitle "CB43_2024"]
[Source "Chessbase"]
[SourceDate "2024.10.23"]
[SourceVersion "1"]
[SourceVersionDate "2024.10.23"]
[SourceQuality "1"]
[WhiteTeam "Belarus"]
[BlackTeam "Moscow Formula Shakhmat"]
[WhiteTeamCountry "BLR"]
[BlackTeamCountry "RUS"]

1. e4 e6 2. d4 d5 3. Nd2 c5 4. Ngf3 Nf6 5. exd5 Qxd5 6. Bc4 Qh5 7. dxc5 Bxc5 8. Qe2 Nbd7 9. Nf1 Bd6 10. Bg5 h6 11. 0-0-0 hxg5 12. Rxd6 g4 13. Ne1 Qe5 14. Rd1 Qxe2 15. Bxe2 Ne5 16. f3 Bd7 17. fxg4 Nexg4 18. Nd3 Bc6 19. Bf3 Bxf3 20. gxf3 Nh6 21. Ne5 Nf5 22. Ng3 Nh4 23. Rd4 Nd5 24. c4 Ne7 25. Rhd1 f6 26. Nd3 Nc6 27. Rd6 Nxf3 28. Rxe6+ Kf7 29. Nc5 Rad8 30. Rxd8 Rxd8 31. Nf5 Ncd4 32. Re7+ Kg6 33. Nxd4 Rxd4 34. b3 Rh4 35. Ne6 Rxh2 36. Rxg7+ Kf5 37. Nc5 b6 38. Nd3 Ke4 39. Nb4 f5 40. Re7+ Kd4 41. Nc2+ Kc5 42. Rf7 Kd6 43. Rxa7 f4 44. Rf7 Ke5 45. Nb4 Ke4 46. Nd5 Rh1+ 47. Kb2 Rh4 48. Nxb6 Ne5 49. Re7 Kd4 50. Nd7 Nd3+ 51. Ka3 f3 52. Rf7 Rf4 53. Rh7 f2 54. Rh1 f1Q 55. Rxf1 Rxf1 56. Ka4 Rf7 57. Nb6 Kc5 58. Nc8 Rc7 0-1

[Event "RUS-chT 31th"]
[Site "Sochi"]
[Date "2024.05.04"]
[Round "4.9"]
[White "Galaktionov, Artem"]
[Black "Morozevich, Alexander"]
[Result "0-1"]
[WhiteElo "2341"]
[BlackElo "2659"]
[PlyCount "120"]
[EventDate "2024.05.01"]
[EventType "team-tourn"]
[EventRounds "9"]
[EventCountry "RUS"]
[SourceTitle "CBM 220 Extra"]
[Source "ChessBase"]
[SourceDate "2024.07.31"]
[SourceVersion "1"]
[SourceVersionDate "2024.07.31"]
[SourceQuality "1"]
[WhiteTeam "Moscow Temus"]
[BlackTeam "Moscow KPRF"]
[WhiteTeamCountry "RUS"]
[BlackTeamCountry "RUS"]

1. d4 d6 2. c4 e5 3. b3 Nc6 4. d5 Nce7 5. e3 g6 6. Bb2 Bg7 7. Nc3 Nh6 8. Qd2 0-0 9. 0-0-0 g5 10. Nge2 f5 11. f4 Ng4 12. Re1 Ng6 13. g3 Nf2 14. Rg1 a5 15. Rg2 Ne4 16. Nxe4 fxe4 17. Nc3 exf4 18. exf4 gxf4 19. gxf4 Qh4 20. Nb5 Bh6 21. Kb1 Bxf4 22. Qd1 Rf7 23. Nd4 Bh3 24. Rg1 Bxh2 25. Bxh3 Qxh3 26. Rh1 Rf2 27. Rxe4 Qg2 28. Re2 Rxe2 29. Nxe2 Rf8 30. Bd4 Qe4+ 31. Kc1 Be5 32. Re1 Re8 33. Rf1 a4 34. Bxe5 Qxe5 35. Nd4 axb3 36. axb3 b5 37. Qd2 bxc4 38. bxc4 Qe4 39. Kb2 Rb8+ 40. Kc3 Rb1 41. Rxb1 Qxb1 42. Qg5 Kf7 43. Qh5 Qe1+ 44. Kd3 Qg3+ 45. Kc2 Qf2+ 46. Kd3 Kf6 47. Qh6 Qg3+ 48. Ke4 Qc3 49. Qxh7 Qe1+ 50. Kd3 Ne5+ 51. Kc2 Qf2+ 52. Kc3 Qe3+ 53. Kb4 Qxd4 54. Qh8+ Kg5 55. Qg7+ Kf4 56. Qh6+ Kf3 57. Qh3+ Ke2 58. Qg2+ Kd1 59. Qh1+ Kc2 60. Qh7+ Nd3+ 0-1

[Event "RUS-chT Rapid"]
[Site "Sochi"]
[Date "2023.10.19"]
[Round "7.14"]
[White "Morozevich, Alexander"]
[Black "Bocharov, Dmitry"]
[Result "1-0"]
[WhiteElo "2659"]
[BlackElo "2519"]
[PlyCount "97"]
[EventDate "2023.10.18"]
[EventType "team-swiss (rapid)"]
[EventRounds "9"]
[EventCountry "RUS"]
[SourceTitle "CBM 216 Extra"]
[Source "ChessBase"]
[SourceDate "2023.11.30"]
[SourceVersion "1"]
[SourceVersionDate "2023.11.30"]
[SourceQuality "1"]
[WhiteTeam "Moscow Formula Shakhmat"]
[BlackTeam "Novosibirsk Region"]
[WhiteTeamCountry "RUS"]
[BlackTeamCountry "RUS"]

1. e4 c5 2. a4 Nc6 3. Bb5 Nd4 4. Nf3 Nxf3+ 5. Qxf3 e6 6. 0-0 a6 7. Bd3 d6 8. Qg3 g6 9. Na3 Nf6 10. c3 d5 11. e5 Nh5 12. Qe3 f5 13. Be2 Ng7 14. d4 cxd4 15. cxd4 Be7 16. Nc2 0-0 17. Bd2 Bd7 18. Qb3 Rc8 19. Ne1 f4 20. Qxb7 Nf5 21. Bc3 a5 22. Bb5 Rc7 23. Qb6 Bb4 24. Bxb4 axb4 25. Nd3 Rc2 26. Qxd8 Rxd8 27. Rfd1 Bxb5 28. axb5 Nxd4 29. Nxb4 Ne2+ 30. Kf1 Rxb2 31. Nc6 Rf8 32. Rdb1 Rxb1+ 33. Rxb1 Nc3 34. Rb2 Ra8 35. Ke1 Ra1+ 36. Kd2 Na4 37. Rb4 Nb6 38. Rxf4 Nc4+ 39. Kc3 Rc1+ 40. Kb4 Kg7 41. Nd8 h5 42. Nxe6+ Kh6 43. Rf8 Kh7 44. f4 Ne3 45. Ng5+ Kg7 46. Rf7+ Kg8 47. e6 d4 48. Rd7 Kf8 49. Nh7+ 1-0

[Event "RUS-chT Blitz"]
[Site "Sochi"]
[Date "2023.10.17"]
[Round "6.14"]
[White "Levin, Evgeny A"]
[Black "Morozevich, Alexander"]
[Result "0-1"]
[WhiteElo "2478"]
[BlackElo "2659"]
[PlyCount "46"]
[EventDate "2023.10.17"]
[EventType "team-swiss (blitz)"]
[EventRounds "13"]
[EventCountry "RUS"]
[SourceTitle "CBM 216 Extra"]
[Source "ChessBase"]
[SourceDate "2023.11.30"]
[SourceVersion "1"]
[SourceVersionDate "2023.11.30"]
[SourceQuality "1"]
[WhiteTeam "St Petersburg SShOR"]
[BlackTeam "Moscow Formula Shakhmat"]
[WhiteTeamCountry "RUS"]
[BlackTeamCountry "RUS"]

1. d4 Nf6 2. Nf3 c6 3. Bg5 Qb6 4. Nbd2 d5 5. e3 Qxb2 6. Bd3 Qa3 7. 0-0 Nbd7 8. e4 h6 9. Bh4 e6 10. e5 Nh5 11. Nb3 Nf4 12. c4 Nxd3 13. Qxd3 b6 14. cxd5 Ba6 15. Qc2 cxd5 16. Rfc1 Be7 17. Qc6 Rb8 18. Qc7 Bxh4 19. Nxh4 Bc4 20. Nd2 b5 21. Nxc4 bxc4 22. Rab1 Ke7 23. Rb7 Qxc1# 0-1

[Event "RUS-chT Blitz"]
[Site "Sochi"]
[Date "2023.10.17"]
[Round "7.6"]
[White "Morozevich, Alexander"]
[Black "Drygalov, Sergey"]
[Result "1-0"]
[WhiteElo "2659"]
[BlackElo "2547"]
[PlyCount "67"]
[EventDate "2023.10.17"]
[EventType "team-swiss (blitz)"]
[EventRounds "13"]
[EventCountry "RUS"]
[SourceTitle "CBM 216 Extra"]
[Source "ChessBase"]
[SourceDate "2023.11.30"]
[SourceVersion "1"]
[SourceVersionDate "2023.11.30"]
[SourceQuality "1"]
[WhiteTeam "Moscow Formula Shakhmat"]
[BlackTeam "Krasnoyarsk Region Enisey"]
[WhiteTeamCountry "RUS"]
[BlackTeamCountry "RUS"]

1. e4 c5 2. a4 Nc6 3. Bb5 g6 4. f4 Bg7 5. Nf3 Nf6 6. d3 0-0 7. 0-0 d6 8. Bxc6 bxc6 9. Qe1 Rb8 10. Nbd2 Ba6 11. Rb1 Nd7 12. b3 d5 13. e5 e6 14. c4 Qe7 15. Bb2 Rbe8 16. Qe2 f6 17. exf6 Bxf6 18. Bxf6 Qxf6 19. Ne5 Nxe5 20. fxe5 Qh4 21. Nf3 Qg4 22. Qe3 Rf5 23. Qxc5 Ref8 24. Kh1 Bc8 25. Rf2 h5 26. Rbf1 h4 27. h3 Qg3 28. Kg1 g5 29. Nh2 Rxf2 30. Rxf2 Rxf2 31. Qxf2 Qxd3 32. Ng4 Qb1+ 33. Kh2 Qf5 34. Nh6+ 1-0

[Event "RUS-chT Blitz"]
[Site "Sochi"]
[Date "2023.10.17"]
[Round "12.14"]
[White "Morozevich, Alexander"]
[Black "Kezin, Roman"]
[Result "1-0"]
[WhiteElo "2659"]
[BlackElo "2505"]
[PlyCount "85"]
[EventDate "2023.10.17"]
[EventType "team-swiss (blitz)"]
[EventRounds "13"]
[EventCountry "RUS"]
[SourceTitle "CBM 216 Extra"]
[Source "ChessBase"]
[SourceDate "2023.11.30"]
[SourceVersion "1"]
[SourceVersionDate "2023.11.30"]
[SourceQuality "1"]
[WhiteTeam "Moscow Formula Shakhmat"]
[BlackTeam "Novosibirsk Region"]
[WhiteTeamCountry "RUS"]
[BlackTeamCountry "RUS"]

1. e4 c5 2. a4 e6 3. g3 Nc6 4. d3 d5 5. Nd2 Nf6 6. Bg2 Be7 7. Ngf3 0-0 8. 0-0 e5 9. c3 Be6 10. Ng5 Bg4 11. f3 Bc8 12. f4 h6 13. Ngf3 dxe4 14. dxe4 Qc7 15. Nc4 Nxe4 16. Nfxe5 Nxe5 17. fxe5 Ng5 18. h4 Nh7 19. Bf4 Be6 20. Ne3 Rad8 21. Qh5 c4 22. Be4 Qb6 23. Kh1 Bc5 24. Nf5 Bxf5 25. Qxf5 g6 26. Qh3 h5 27. g4 hxg4 28. Qxg4 Rfe8 29. h5 g5 30. Bxg5 Nxg5 31. Qxg5+ Kf8 32. Rxf7+ Kxf7 33. Rf1+ Bf2 34. Bg6+ Ke6 35. Qf5+ Kd5 36. Rxf2 Rf8 37. Rd2+ Kc5 38. Qg5 Rxd2 39. Qxd2 Qc6+ 40. Kh2 Qd5 41. Qe3+ Kc6 42. Be4 Rf2+ 43. Kg3 1-0

[Event "Moscow Stars 3rd-4th 18th"]
[Site "Moscow"]
[Date "2022.07.20"]
[Round "3"]
[White "Morozevich, Alexander"]
[Black "Karpov, Anatoly"]
[Result "1-0"]
[WhiteElo "2659"]
[BlackElo "2617"]
[PlyCount "44"]
[EventDate "2022.07.20"]
[EventType "match (rapid)"]
[EventRounds "3"]
[EventCountry "RUS"]
[SourceTitle "CBM 209 Extra"]
[Source "ChessBase"]
[SourceDate "2022.09.30"]
[SourceVersion "1"]
[SourceVersionDate "2022.09.30"]
[SourceQuality "1"]

1. d4 Nf6 2. Bg5 d5 3. e3 c6 4. Nf3 Bg4 5. c4 Nbd7 6. cxd5 Qa5+ 7. Nbd2 Nxd5 8. Be2 Bxf3 9. Bxf3 Nc3 10. bxc3 Qxg5 11. Rb1 Rb8 12. Qa4 a6 13. 0-0 e6 14. Nc4 Qd8 15. Ne5 Nxe5 16. dxe5 Bc5 17. Bxc6+ Kf8 18. Rfd1 Qc7 19. Rd7 Qxe5 20. Bxb7 g6 21. Rbd1 Kg7 22. Qxa6 Qxc3 1-0

[Event "Moscow Stars Prelim 18th"]
[Site "Moscow"]
[Date "2022.07.19"]
[Round "5"]
[White "Morozevich, Alexander"]
[Black "Grischuk, Alexander"]
[Result "1/2-1/2"]
[WhiteElo "2659"]
[BlackElo "2745"]
[PlyCount "113"]
[EventDate "2022.07.17"]
[EventType "tourn (rapid)"]
[EventRounds "6"]
[EventCountry "RUS"]
[EventCategory "18"]
[SourceTitle "CBM 209 Extra"]
[Source "ChessBase"]
[SourceDate "2022.09.30"]
[SourceVersion "1"]
[SourceVersionDate "2022.09.30"]
[SourceQuality "1"]

1. b3 d5 2. Bb2 Nf6 3. e3 Bf5 4. Nf3 e6 5. h3 h6 6. c4 Nbd7 7. Nc3 c6 8. d4 Ne4 9. a3 Bd6 10. Bd3 Nxc3 11. Bxc3 Qe7 12. Bxf5 exf5 13. Qd3 Qe4 14. Ke2 a5 15. g4 Qxd3+ 16. Kxd3 fxg4 17. hxg4 Nf6 18. Rhg1 Ne4 19. Be1 g6 20. Rh1 Kd7 21. Ra2 b5 22. a4 b4 23. Ng1 h5 24. gxh5 Rxh5 25. Rxh5 gxh5 26. f3 Ng5 27. f4 Ne4 28. Nf3 Ke6 29. Rc2 f6 30. Nh4 Rg8 31. cxd5+ cxd5 32. Rc6 Rg1 33. Ke2 Kd7 34. Rb6 Bc7 35. Rb5 Ke6 36. f5+ Kd6 37. Ng6 Rg5 38. Nf4 Rxf5 39. Kd3 Rxf4 40. exf4 Kc6 41. f5 Bb6 42. Bh4 Nd6 43. Bxf6 Nxf5 44. Be5 h4 45. Kd2 h3 46. Ke1 Bxd4 47. Bxd4 h2 48. Rb6+ Kc7 49. Be5+ Kxb6 50. Bxh2 Kc6 51. Bg1 d4 52. Kd2 Kc5 53. Kd3 Kd5 54. Bf2 Ke5 55. Bg1 Kd5 56. Bf2 Ke5 57. Bg1 1/2-1/2

[Event "Moscow Stars Prelim 18th"]
[Site "Moscow"]
[Date "2022.07.18"]
[Round "4"]
[White "Morozevich, Alexander"]
[Black "Karjakin, Sergey"]
[Result "1/2-1/2"]
[WhiteElo "2659"]
[BlackElo "2747"]
[PlyCount "40"]
[EventDate "2022.07.17"]
[EventType "tourn (rapid)"]
[EventRounds "6"]
[EventCountry "RUS"]
[EventCategory "18"]
[SourceTitle "CBM 209 Extra"]
[Source "ChessBase"]
[SourceDate "2022.09.30"]
[SourceVersion "1"]
[SourceVersionDate "2022.09.30"]
[SourceQuality "1"]

1. e4 e5 2. Nf3 Nc6 3. Nc3 Nf6 4. d4 exd4 5. Nxd4 Bb4 6. Nxc6 bxc6 7. Bd3 d5 8. exd5 cxd5 9. 0-0 0-0 10. h3 c6 11. Qf3 Bd6 12. Bf4 Be6 13. Rad1 Bxf4 14. Qxf4 Qb8 15. Qxb8 Raxb8 16. b3 c5 17. Rfe1 Rfc8 18. Kh2 g6 19. g4 c4 20. bxc4 dxc4 1/2-1/2